Botany for degree students plant anatomy and embryology, B.Sc, Senester-III: (Record no. 153530)

MARC details
000 -LEADER
fixed length control field 00619nam a22001817a 4500
005 - DATE AND TIME OF LATEST TRANSACTION
control field 20180706150258.0
010 ## - LCCN (DPL NO)
LC control number ENG-123399
020 ## - INTERNATIONAL STANDARD BOOK NUMBER
Terms of availability 300.00
International Standard Book Number 9789352535293
035 ## - SYSTEM CONTROL NUMBER
System control number EN-106931
037 ## - SOURCE OF ACQUISITION
Source of stock number/acquisition DBAD/PUB
082 ## - DEWEY DECIMAL CLASSIFICATION NUMBER
Classification number 580
100 ## - MAIN ENTRY--PERSONAL NAME
Personal name Pandey, B P
245 00 - TITLE STATEMENT
Title Botany for degree students plant anatomy and embryology, B.Sc, Senester-III:
Statement of responsibility, etc by B P Pandey
Remainder of title as per UGC choice based credit system (CBCS) /
260 ## - PUBLICATION, DISTRIBUTION, ETC. (IMPRINT)
Place of publication, distribution, etc New Delhi
Name of publisher, distributor, etc S. Chand and Company
Date of publication, distribution, etc 2018
270 ## - ADDRESS
Address 7361, Ram Nagar,
City New Delhi
Postal code 110055
300 ## - PHYSICAL DESCRIPTION
Extent various paging.
Dimensions 24cm(pbk)
Other physical details ill.
942 ## - ADDED ENTRY ELEMENTS (KOHA)
Source of classification or shelving scheme Dewey Decimal Classification
Item type English Books
Call number suffix PAN
Classification part 580
Holdings
Withdrawn status Lost status Not for loan Collection code Home library Current library Date acquired Source of acquisition Cost, normal purchase price Full call number Barcode Copy number Cost, replacement price Koha item type
      Non-fiction Shahdara Branch Shahdara Branch 06/07/2018 DBAD/PUB 300.00 580 PAN EN-106931 1 300.00 English Books

© Delhi Public Library
Hit Counter
free hit counter